| 000 | 00874nam a2200241Ia 4500 | ||
|---|---|---|---|
| 999 |
_c35968 _d35968 |
||
| 001 | 1867 | ||
| 003 | GE_BSU | ||
| 005 | 20221007115103.0 | ||
| 008 | 181216s2006ru xx |||||||||||||| ||rus|| | ||
| 020 | _a591131066Х | ||
| 040 | _cGE_BSU | ||
| 041 | _arus | ||
| 080 | _a349.412(075.8) К-78 | ||
| 100 |
_aКрассов,О.И. _915135 |
||
| 245 |
_aКомментарий земельного законодательства / _bО.И. Крассов. |
||
| 250 | _aИзд.2-е | ||
| 264 |
_aМосква : _bторговая корпорация Дашков и К, _c2006. |
||
| 300 |
_a741 с. _b20 см. |
||
| 653 | _aКомментарий земельного законодательства. | ||
| 653 | _aმიწის კანონმდებლობის კომენტარი. | ||
| 653 | _aსამართალი | ||
| 942 |
_cBK _2udc |
||